<?xml version="1.0" encoding="UTF-8"?>
<record
    xmlns:xsi="http://www.w3.org/2001/XMLSchema-instance"
    xsi:schemaLocation="http://www.loc.gov/MARC21/slim http://www.loc.gov/standards/marcxml/schema/MARC21slim.xsd"
    xmlns="http://www.loc.gov/MARC21/slim">

  <leader>02052nam a22002657i 4500</leader>
  <controlfield tag="001">IT\ICCU\UBO\3796765</controlfield>
  <controlfield tag="003">ItRI</controlfield>
  <controlfield tag="005">20260116114817.0</controlfield>
  <controlfield tag="008">100604s2010    it ||||||    ||||| |||||c</controlfield>
  <datafield tag="020" ind1=" " ind2=" ">
    <subfield code="a">9788864380841</subfield>
  </datafield>
  <datafield tag="024" ind1="3" ind2="1">
    <subfield code="a">9788864380841</subfield>
  </datafield>
  <datafield tag="040" ind1=" " ind2=" ">
    <subfield code="b">ita</subfield>
    <subfield code="c">C</subfield>
  </datafield>
  <datafield tag="041" ind1=" " ind2="7">
    <subfield code="a">ita</subfield>
    <subfield code="2">ISO-639-2</subfield>
  </datafield>
  <datafield tag="082" ind1=" " ind2=" ">
    <subfield code="a">306.874</subfield>
    <subfield code="2">19</subfield>
  </datafield>
  <datafield tag="100" ind1="1" ind2=" ">
    <subfield code="a">Scigliano, Domenica</subfield>
    <subfield code="0">IT\ICCU\MILV\211684</subfield>
  </datafield>
  <datafield tag="245" ind1="1" ind2="0">
    <subfield code="a">Amori senza diritti :</subfield>
    <subfield code="b">storie di coppie omosessuali con figli /</subfield>
    <subfield code="c">Mimma Scigliano.</subfield>
  </datafield>
  <datafield tag="260" ind1=" " ind2=" ">
    <subfield code="a">Civitella in Val di Chiana :</subfield>
    <subfield code="b">Zona,</subfield>
    <subfield code="c">c2010</subfield>
  </datafield>
  <datafield tag="300" ind1=" " ind2=" ">
    <subfield code="a">152 p. ;</subfield>
    <subfield code="c">20 cm.</subfield>
  </datafield>
  <datafield tag="520" ind1=" " ind2=" ">
    <subfield code="a">In Amori senza diritti di Mimma Scigliano si racconta di famiglie omogenitoriali: un termine ancora poco noto, in Italia, che vuol dire famiglie con due mamme o due pap&#xE0;. Pi&#xF9; in generale, in questo libro si parla di progetti di vita nati dall'amore, dalla stima, dal rispetto e dal sostegno reciproco tra persone che si scelgono, ma che l'Italia si ostina a non considerare famiglie a tutti gli effetti, perch&#xE9; composte da una coppia dello stesso sesso. Queste storie vere sfidano con coraggio, passione, intelligenza e allegria il pregiudizio diffuso, la crescente omofobia, la mentalit&#xE0; sempre pi&#xF9; stretta di questo nostro paese. E delineano il profilo di nuovi nuclei familiari, per ora senza diritti n&#xE9; riconoscimento, il cui numero cresce di anno in anno. Una realt&#xE0; su cui &#xE8; ormai impossibile chiudere gli occhi. In Italia i figli di genitori omosessuali sarebbero circa centomila. Sono genitori un gay o una lesbica su 20, e almeno il 50 per cento delle coppie omosessuali vorrebbe un bambino. Una realt&#xE0; che questo libro ci aiuta ad avvicinare e conoscere, oltre ogni pregiudizio o tab&#xF9;, proprio alla vigilia di un importante pronunciamento della Corte Costituzionale sulla legittimit&#xE0; del divieto di matrimonio tra coppie dello stesso sesso in Italia.</subfield>
  </datafield>
  <datafield tag="650" ind1=" " ind2="7">
    <subfield code="a">Omosessuali</subfield>
    <subfield code="x">Diritti</subfield>
  </datafield>
  <datafield tag="830" ind1=" " ind2="0">
    <subfield code="a">Storie vere. Nient'altro che la verit&#xE0;</subfield>
    <subfield code="0">IT\ICCU\UBO\3796767</subfield>
  </datafield>
  <datafield tag="942" ind1=" " ind2=" ">
    <subfield code="2">ddc</subfield>
    <subfield code="c">BK</subfield>
  </datafield>
  <datafield tag="981" ind1=" " ind2="1">
    <subfield code="6">z01</subfield>
    <subfield code="a">i </subfield>
    <subfield code="b">xxxe  </subfield>
  </datafield>
  <datafield tag="982" ind1=" " ind2="1">
    <subfield code="6">z01</subfield>
    <subfield code="a">n</subfield>
  </datafield>
  <datafield tag="999" ind1=" " ind2=" ">
    <subfield code="c">110</subfield>
    <subfield code="d">110</subfield>
  </datafield>
  <datafield tag="952" ind1=" " ind2=" ">
    <subfield code="0">0</subfield>
    <subfield code="1">0</subfield>
    <subfield code="2">ddc</subfield>
    <subfield code="4">0</subfield>
    <subfield code="7">1</subfield>
    <subfield code="a">GE</subfield>
    <subfield code="b">GE</subfield>
    <subfield code="d">2015-11-30</subfield>
    <subfield code="l">0</subfield>
    <subfield code="o">306.874 SCI AMO</subfield>
    <subfield code="p">2651</subfield>
    <subfield code="r">2023-11-06 16:50:21</subfield>
    <subfield code="w">2023-11-06</subfield>
    <subfield code="y">BK</subfield>
  </datafield>
  <datafield tag="952" ind1=" " ind2=" ">
    <subfield code="0">0</subfield>
    <subfield code="1">0</subfield>
    <subfield code="4">0</subfield>
    <subfield code="7">0</subfield>
    <subfield code="a">BO</subfield>
    <subfield code="b">BO</subfield>
    <subfield code="d">2026-01-15</subfield>
    <subfield code="i">13841</subfield>
    <subfield code="l">0</subfield>
    <subfield code="o">DOC 306.874 SCI</subfield>
    <subfield code="p">BO13841</subfield>
    <subfield code="r">2026-01-15 23:21:28</subfield>
    <subfield code="w">2026-01-15</subfield>
    <subfield code="y">BK</subfield>
    <subfield code="z">1 v. (Con dedica dell'autore)</subfield>
  </datafield>
</record>
